Weather Icons - Statistics

General Stats
  • This quiz has been taken 65 times
  • The average score is 8 of 18
Answer Stats
Hint Icon Answer % Correct
Could cause rain or snow Cloudy
83%
Something that pours down the sky 🌧 2/3 Rain
83%
Sign of warm weather Sunny
83%
Precipitation in winter Snow
70%
Light Rain 🌧 1/3 Drizzle
61%
Rain and snow mixed ❄💧 Sleet
57%
It blows 💨 Wind
57%
When the clouds cover the sun Partly Cloudy
52%
Creates Bolts of lightning Thunderstorm
52%
Usually Happens in storms 🌧 3/3 Heavy Rain
43%
Usually happens on a cold winter morning 🌫 Fog
39%
Usually happens where a little ____ covers the sun 🔅 Dust
30%
Damaging winds and Destructive weather 🌪 Tornado
30%
It blows snow 💨❄ Blowing Snow
22%
Usually happens when the sun is covered by dust 🔆 Haze
22%
Usually happens in Blizzards 🌨 Heavy Snow
22%
Thunder with no rain 🌩 Isolated Thunder
17%
Thunder With rain Scattered Thunder
17%
No matching quizzes found
Score Distribution
Percent of People with Each Score
Percentile by Number Answered
Your Score History
You have not taken this quiz